Mujeres y políticas públicas.

Đã lưu trong:
Chi tiết về thư mục
Tác giả chính: Tapia Fonllen, Elena (autor)
Tác giả khác: Mercado, Patricia (autor) (autor)
Định dạng: Sách
Ngôn ngữ:Tiếng Tây Ban Nha
Loạt:(Documentos de trabajo ; no. 18)
Những chủ đề:
Các nhãn: Thêm thẻ
Không có thẻ, Là người đầu tiên thẻ bản ghi này!

MARC

LEADER 00000cam^a2200000uu^4500
001 000472194
005 20250521000000.0
008 050901s1989^^^^^^^^^^^^rd^r^^000^0^spa^d
009 20260310124643.545
035 |a FCE 000015005 
035 |a FCE 008183 
037 |a Acervo ITESO - Biblioteca 
041 |a spa 
082 0 4 |a 331.72  |b FES 18 
100 |a Tapia Fonllen, Elena  |e (autor) 
245 1 0 |a Mujeres y políticas públicas. 
264 |a México :  |b FES,  |c 1989. 
300 |a 72 p. 
336 |a texto  |b txt  |2 rdacontenido 
337 |a sin mediación  |b n  |2 rdamedio 
338 |a volumen  |b nc  |2 rdasoporte 
440 0 |a (Documentos de trabajo ;  |v no. 18) 
649 |a XX 
650 |a Salud 
650 |a Mujer 
650 |a Empleo 
650 |a Educación de la mujer 
650 |a Política 
650 |a Mercado de trabajo 
650 |a Políticas de educación 
650 |a Oaxaca, México 
700 |a Mercado, Patricia  |e (autor) 
910 |a Fondo Centro de Estudios Educativos 
920 |a Impresos - Libros 
930 |a Fondos Especiales 
905 |a 133 
901 |a ALE008183  |b IT2  |c CEE  |u 20250521 
902 |a https://opac.biblio.iteso.mx/vufind/Record/000472194